000
00299nam a22001337a 4500
020
_a
978-93-5282-316-1
082
_a
825
_b
VAL/G
100
_a
VALLIKUNNAM,RAJU
245
_a
GREATEST SPEECHES OF THE WORLD
260
_a
KOTTAYAM
_b
DC BOOKS
300
_a
319
650
_a
SPEECH
_z
KERALA
942
_c
BK
999
_c
3653
_d
3653